| 000 | 01449 a2200349 4500 | ||
|---|---|---|---|
| 001 | 200130873 | ||
| 003 | TR-AnTOB | ||
| 005 | 20260319093904.0 | ||
| 008 | 131122b tu 000 0 | ||
| 020 | _a9786056282362 | ||
| 040 |
_aTR-AnTOB _cTR-AnTOB _beng _erda |
||
| 041 | _atur | ||
| 050 | 1 | 4 |
_aHF3756.5 _b.K578 2013 |
| 090 |
_aHF3756.5 _b.K578 2013 |
||
| 100 | 1 |
_aKirtiş, Kazım _973866 |
|
| 110 | 2 |
_aİstanbul Gelişim Üniversitesi _994167 |
|
| 245 | 1 | 0 |
_aDış ticaret işlemleri muhasebesi : _bteorik ve uygulamalı / _cProf. Dr. Kazım Kirtiş. |
| 264 | 1 |
_aİstanbul : _bHizmet Vakfı Yayınları, _c2013. |
|
| 300 |
_a115 pages ; _btables ; _c21 cm |
||
| 336 |
_2rdacontent _atext _btxt |
||
| 337 |
_2rdamedia _aunmediated _bn |
||
| 338 |
_2rdacarrier _avolume _bnc |
||
| 490 | 0 |
_aHizmet Vakfı Yayınları _v23696 |
|
| 505 | _aTürk Dış Ticaret Rejimi ve Kambiyo Mevzuatı; Dış Ticaret İşlemlerinde Hesap Planı; Döviz, Menkul Kıymet ve Avans İşlemlerinin Muhasebeleştirilmesi; İthalat, İhracat İşlemleri ve Muhasebeleştirilmesi; Dış Ticaret İşlemleri Muhasebesi Konusu le İlgili Temel Kavramlar. | ||
| 650 | 0 | 7 |
_aUluslararası ticaret _923531 |
| 651 | 7 |
_aTürkiye _xTicaret _2etuturkob _913482 |
|
| 651 | 0 |
_aTürkiye _xDış ekonomik ilişkiler _918923 |
|
| 700 | 1 |
_aKirtiş, Kazım _973866 |
|
| 710 | 2 | 2 |
_aİstanbul Gelişim Üniversitesi _994167 |
| 942 |
_cBK _2lcc |
||
| 999 |
_c200130873 _d31616 |
||